| 000 | 00695nam a22002057a 4500 | ||
|---|---|---|---|
| 005 | 20210325185642.0 | ||
| 008 | s2517 th tha d | ||
| 041 | _atha | ||
| 090 | _aอศ ส541ป 2517 | ||
| 245 | 1 | 0 | _aปฤศนาธรรม |
| 260 | 3 |
_aกรุงเทพฯ : _bการพิมพ์พระนคร, _c2517 |
|
| 300 |
_a1 เล่ม : _b ภาพประกอบ ; _c 22 ซม. |
||
| 650 | 0 | 4 | _aคติธรรม |
| 650 | 0 | 4 | _aปริศนาธรรม |
| 650 | 0 | 4 | _aพุทธทาสภิกขุ -- คติธรรม |
| 850 | _aNALT | ||
| 942 | _cCRE | ||
| 997 | _c000000000023516 | ||
| 998 | _aBENJALUCK SUTTHIWILAI | ||
| 999 |
_c23516 _d23516 |
||